000
00227nam a22001217a 4500
008
171024b xxu||||| |||| 00| 0 eng d
041
_a
eng
080
_a
4
100
_a
4
101
_a
4
245
_a
4
_c
4
942
_2
udc
_c
BK
999
_c
35809
_d
35809